000 00485nam a2200181Ia 4500
001 21291
003 GE_BSU
008 181216s||||||||xx |||||||||||||| ||und||
040 _cGE_BSU
245 _aParis Match, du 31 Aout au 6 Septembre. №3563. 2017
260 _aParis
260 _c2017
300 _a108 p.29 cm. ill.
653 _aParis Match, du 31 Aout au 6 Septembre. №3563. 2017
653 _aПериодика
653 _aპერიოდიკა
942 _cCR
999 _c54235
_d54235